000 03716aam a2200697 i 4500
001 3212077
005 20211221091754.0
008 210119s2021 mnua b b 000 1 eng
010 _a 2021002309
020 _a9781684462773
_q(hardcover) :
_c$17.99
020 _a1684462770 :
_c$17.99
020 _z9781684463855
_q(pdf)
035 _a(OCoLC)1236192550
035 _a(OCoLC)on1236192550
035 _a3195851
040 _aDLC
_beng
_erda
_cDLC
042 _apcc
_alcac
050 0 0 _aPZ7.1.F69135
_bPan 2021
082 0 0 _a[E]
_223
092 _aE
100 1 _aFox, Kate Allen,
_eauthor.
_96437056
245 1 0 _aPando :
_ba living wonder of trees /
_cby Kate Allen Fox ; illustrated by Turine Tran.
264 1 _aNorth Mankato, Minnesota :
_bCapstone Editions, a Capstone imprint,
_c[2021]
300 _a31 pages :
_bcolor illustrations ;
_c27 cm
336 _atext
336 _astill image
337 _aunmediated
338 _avolume
504 _aIncludes bibliographic references.
520 _aStarting life as a seed, a clonal grove of quaking Aspens grows into one of the world's oldest and largest organisms, whose future is now uncertain. Includes factual information on Pando, aspens, and trees, as well as a glossary.
521 _aAges 8-11.
_bCapstone Editions.
521 _aGrades 4-6.
_bCapstone Editions.
521 1 _a7-10
_bBrodart.
521 2 _a2-5
_bBrodart.
526 0 _aAccelerated Reader
_bMG
_c4.6
_d.5
_z512117.
650 1 _aAspen
_vFiction.
_96437057
650 1 _aTrees
_vFiction.
_95703932
650 0 _aAspen
_vJuvenile fiction.
_96437058
650 0 _aTrees
_vJuvenile fiction.
_95693296
650 0 _aPicture books for children.
650 1 _aPicture books.
650 7 _aJUVENILE NONFICTION / Science & Nature / Environmental Conservation & Protection.
_2bisacsh
_95733608
650 7 _aJUVENILE NONFICTION / People & Places / United States.
_2bisacsh
_95728144
650 7 _aJUVENILE NONFICTION / Science & Nature / Trees & Forests.
_2bisacsh
_95813112
700 1 _aTran, Turine,
_eillustrator.
_96437059
776 0 8 _iOnline version:
_aAllen Fox, Katie.
_tPando.
_dNorth Mankato, Minnesota : Capstone Editions, an imprint of Capstone, [2021]
_z9781684463855
_w(DLC) 2021002310
910 _aBRO
942 _2ddc
_cBOOK
948 _aCCL
_bCHILDREN'S
_pX130706161
_kJ
_hE
_f1
_r2
_g1
_70
_u3
_w11
_s0
_oCCL
_0$17.99
_y99
_c94
_jDewey Decimal
_nOn-Order
_e2001057-1
_9Item generated Nov 12 2021 8:57AM
948 _aBAR
_bCHILDREN'S
_pX130705981
_kJ
_hE
_f1
_r2
_g1
_70
_u3
_w11
_s0
_oBAR
_0$17.99
_y99
_c94
_jDewey Decimal
_nOn-Order
_e2001057-4
_9Item generated Nov 12 2021 8:57AM
948 _aBPR
_bCHILDREN'S
_pX130706542
_kJ
_hE
_f1
_r2
_g1
_70
_u3
_w11
_s0
_oBPR
_0$17.99
_y99
_c94
_jDewey Decimal
_nOn-Order
_e2001057-6
_9Item generated Nov 12 2021 8:57AM
948 _aBBL
_bCHILDREN'S
_pX130706385
_kJ
_hE
_f1
_r2
_g1
_70
_u3
_w11
_s0
_oBBL
_0$17.99
_y99
_c94
_jDewey Decimal
_nOn-Order
_e2001057-3
_9Item generated Nov 12 2021 8:57AM
948 _aBMC
_bCHILDREN'S
_pX130706179
_kJ
_hE
_f1
_r2
_g1
_70
_u3
_w11
_s0
_oBMC
_0$17.99
_y99
_c94
_jDewey Decimal
_nOn-Order
_e2001057-5
_9Item generated Nov 12 2021 8:57AM
948 _aBWR
_bCHILDREN'S
_pX130706328
_kJ
_hE
_f1
_r2
_g1
_70
_u3
_w11
_s0
_oBWR
_0$17.99
_y99
_c94
_jDewey Decimal
_nOn-Order
_e2001057-2
_9Item generated Nov 12 2021 8:57AM
999 _c368626
_d368626
999 _bE